Труды Санкт-Петербургского государственного института культуры. Т. 221: Актуальные вопросы хореографического образования в сфере народной художественной культуры и творчества (Запись № 12578132)
[ простой вид ]
| 000 -МАРКЕР | |
|---|---|
| контрольное поле | 02497nam2a2200301 4500 |
| 001 - ИДЕНТИФИКАТОР ЗАПИСИ | |
| контрольное поле | RU\NLR\BIBL_A\012599668 |
| 005 - ИДЕНТИФИКАТОР ВЕРСИИ | |
| контрольное поле | 20250624082436.0 |
| 035 ## - ДРУГИЕ СИСТЕМНЫЕ НОМЕРА | |
| Идентификатор записи | (NLR Aleph) 012599668 |
| 100 ## - ДАННЫЕ ОБЩЕЙ ОБРАБОТКИ | |
| Данные общей обработки | 20210922d2020 |||y0rusy50 ca |
| 101 0# - ЯЗЫК РЕСУРСА | |
| Язык текста, звукозаписи и т.д. | русский |
| Язык резюме | английский |
| 102 ## - СТРАНА ПУБЛИКАЦИИ ИЛИ ПРОИЗВОДСТВА | |
| Страна публикации | Российская Федерация |
| 200 1# - ЗАГЛАВИЕ И СВЕДЕНИЯ ОБ ОТВЕТСТВЕННОСТИ | |
| Основное заглавие | Актуальные вопросы хореографического образования в сфере народной художественной культуры и творчества |
| Сведения, относящиеся к заглавию | материалы II Всероссийской научно-практической конференции с международным участием "Хореографическое образование в сфере народной художественной культуры", 29 марта 2019 года, Санкт-Петербург |
| 210 ## - ПУБЛИКАЦИЯ, РАСПРОСТРАНЕНИЕ И ДР. | |
| Дата издания, распространения и т.д. | 2020 |
| Место издания, распространения и т.д. | Б. м. |
| 215 ## - ФИЗИЧЕСКАЯ ХАРАКТЕРИСТИКА | |
| Специфическое обозначение материала и объем | 96 c. |
| Другие сведения о физической характеристике | ил. |
| Размеры | 20 |
| 300 ## - ОБЩИЕ ПРИМЕЧАНИЯ | |
| Текст примечания | Рез. на англ. яз. |
| 320 ## - ПРИМЕЧАНИЯ О НАЛИЧИИ В ДОКУМЕНТЕ БИБЛИОГРАФИИ / УКАЗАТЕЛЯ | |
| Текст примечания | Библиогр. в конце ст. |
| 461 #0 - УРОВЕНЬ НАБОРА | |
| Встроенное поле | 001RU\NLR\Per\1158036 |
| -- | 2001#$aТруды Санкт-Петербургского государственного института культуры$fС.-Петерб. гос. ин-т культуры$vТ. 221 |
| Системный номер (АБИС) связанной записи | 10371756 |
| Автор | Санкт-Петербургский государственный институт культуры |
| Место публикации | Санкт-Петербург |
| Дата публикации | 2015 - |
| Первые сведения об ответственности | С.-Петерб. гос. ин-т культуры |
| Имя издателя, распространителя и т.д. | Санкт-Петербургский государственный институт культуры |
| Заглавие | Труды Санкт-Петербургского государственного института культуры |
| ISSN | 2686-8288 |
| Номер тома | Т. 221 |
| 606 1# - НАИМЕНОВАНИЕ ТЕМЫ КАК ПРЕДМЕТ | |
| Наименование темы | Хореографическое образование |
| Формальный подзаголовок | Съезды, совещания и т.п |
| Географический подзаголовок | Российская Федерация |
| Системный номер авторитетной/нормативной записи | 2256016 |
| Идентификатор авторитетной/нормативной записи | RU\NLR\AUTH\6601583128 |
| 606 1# - НАИМЕНОВАНИЕ ТЕМЫ КАК ПРЕДМЕТ | |
| Наименование темы | Танец |
| Формальный подзаголовок | Съезды, совещания и т.п |
| Системный номер авторитетной/нормативной записи | 1077489 |
| Идентификатор авторитетной/нормативной записи | RU\NLR\AUTH\66101897 |
| 686 1# - ИНДЕКСЫ ДРУГИХ КЛАССИФИКАЦИЙ | |
| Индекс | Ч459.783.4(2Р)я431 |
| 686 1# - ИНДЕКСЫ ДРУГИХ КЛАССИФИКАЦИЙ | |
| Индекс | Щ32я431 |
| 711 12 - НАИМЕНОВАНИЕ ОРГАНИЗАЦИИ - АЛЬТЕРНАТИВНАЯ ОТВЕТСТВЕННОСТЬ | |
| Начальный элемент ввода | "Хореографическое образование в сфере народной художественной культуры", всероссийская научно-практическая конференция с международным участием |
| Порядковый номер временной организации и / или порядковый номер ее части | 2 |
| Место проведения временной организации | Санкт-Петербург |
| Дата проведения временной организации | 2019 |
| Системный номер авторитетной/нормативной записи | 769201 |
| Идентификатор авторитетной/нормативной записи | RU\NLR\AUTH\880551578 |
| 852 ## - МЕСТОНАХОЖДЕНИЕ И ШИФР ХРАНЕНИЯ | |
| Идентификатор организации | NLR |
| Наименование фонда или коллекции (Sub-Location Identifier) | Б |
| Шифр хранения (Call Number) | П186 |
| 942 ## - ДОПОЛНИТЕЛЬНЫЕ ЭЛЕМЕНТЫ ЗАПИСИ (АБИС) | |
| Тип экземпляра АБИС | Выпуск |
| 980 ## - КОЛЛЕКЦИЯ | |
| Название коллекции | Национальная библиография |
| 980 ## - КОЛЛЕКЦИЯ | |
| Название коллекции | Русская периодика |
Нет доступных экземпляров.